20 Famous People from South Africa - Statistics

General Stats
  • This quiz has been taken 57 times
  • The average score is 7 of 20
Answer Stats
Hint Answer % Correct
Anti-apartheid revolutionary who served as President of South Africa Nelson Mandela
96%
Business magnate, engineer and the founder of SpaceX Elon Musk
77%
Archbishop known for his anti-Apartheid activism Desmond Tutu
72%
Actress who won Oscar for her portrayal of serial killer Aileen Wuornos in Monster Charlize Theron
68%
King of the Zulu Kingdom from 1816 to 1828 Shaka
55%
President of South Africa from 2009 to 2018 Jacob Zuma
53%
Comedian and the host of The Daily Show Trevor Noah
47%
Sprinter whonbecame the first amputee runner to compete at the Olympics Oscar Pistorius
40%
President of South Africa since 2018 Cyril Ramaphosa
30%
Princess consort of Monaco married to Albert II and a former Olympic swimmer Charlene
21%
Only African driver to win the Formula One World Championship Jody Scheckter
21%
Olympic gold medalist middle-distance runner who is an intersex woman Caster Semenya
19%
Tennis player who became the fifth-ranked player in the world in 2018 Kevin Anderson
19%
Sprinter who is the current world record holder in the 400 m Wayde Van Niekerk
11%
Regarded as one of the greatest cricketers in the history of the sport AB de Villiers
9%
Model who became a Victoria's Secret Angel in 2010 Candice Swanepoel
8%
Singer who was an advocate against apartheid and white-minority government Miriam Makeba
8%
Tennis player who became the third-ranked player in the world on WTA list Amanda Coetzer
6%
Actress who played in Schindler's List Embeth Davidtz
6%
Model and TV personality who was shot dead, at the age of 29 Reeva Steenkamp
6%
No matching quizzes found
Score Distribution
Percent of People with Each Score
Percentile by Number Answered
Your Score History
You have not taken this quiz